| 000 | 00565nam a22002177a 4500 | ||
|---|---|---|---|
| 005 | 20190422165038.0 | ||
| 008 | 190422b xxu||||| |||| 00| 0 eng d | ||
| 020 |
_a9788131609392 _cRs.1295.00 |
||
| 040 | _aLoreto College | ||
| 041 | _aEnglish | ||
| 082 |
_a304.2 _bHUS |
||
| 100 | _aHusain,Majid | ||
| 245 |
_aHuman geography _cMajid Husain |
||
| 250 | _a5th ed. | ||
| 260 |
_aJaipur _bRawat Publications _c2018 |
||
| 300 |
_axxviii,692p _b24cm |
||
| 504 | _aIncludes glossary and appendices | ||
| 650 | _aHuman geography | ||
| 850 | _aLCLIB | ||
| 942 | _cBK | ||
| 999 |
_c42078 _d92557 |
||